Network optimisation practice : a computational guide

Αποθηκεύτηκε σε:
Λεπτομέρειες βιβλιογραφικής εγγραφής
Κύριος συγγραφέας: Smith, David K. (David Kendall) 1950-
Μορφή: Βιβλίο
Γλώσσα:English
Δημοσίευση: Chichester, West Sussex : New York : E. Horwood ;, Halsted Press, 1982
Θέματα:
Ετικέτες: Προσθήκη ετικέτας
Δεν υπάρχουν, Καταχωρήστε ετικέτα πρώτοι!

MARC

LEADER 00000nam a2200000 i 4500
001 1/54685
008 941103s1982 eng d
020 |a 0853124035 
035 |a 1987  |l 10045067 
040 |a GR-MY-UA  |b gre  |e aacr 
041 0 |a eng 
082 0 |a 658.4032  |2 (21) 
100 1 |a Smith, David K.  |q (David Kendall)  |d 1950- 
245 1 0 |a Network optimisation practice :  |b a computational guide /  |c David K. Smith 
260 |a Chichester, West Sussex :   |a New York :   |b E. Horwood ;,   |b Halsted Press,   |c 1982 
300 |a 237 p.;  |c 24 cm. 
504 |a Icludes bibliography(p. [232]-234) and index 
650 0 0 |a Network analysis (Planning)  |x Data processing. 
650 0 0 |a Algorithms. 
650 0 0 |a Network analysis (Planning) 
650 0 0 |a Mathematical optimization  |x Data processing. 
852 |a INST  |b CHIOS  |e 19950315  |h 003.02854 SMI  |p 005200006843  |q 005200006843  |t BK  |y 0 
852 |a INST  |b SAMOS  |e 19941103  |h 658.4032 SMI  |p 005300002299  |q 005300002299  |t BK  |y 0 
909 |a Σ  |b 008320 
909 |a Χ  |b 003872